Normale Ansicht MARC-Ansicht ISBD

Die Weimarer Republik (Titelsatznr. 374254)

[ MARC ]
MARC-Details
000 -Satzkennung
Kontrollfeld mit fester Länge 00901nam a2200265 c 4500
001 - Kontrollnummer
Kontrollnummer 1328455866
003 - Kontrollnummer Identifier
Kontrollnummer DE-627
005 - Datum und Zeit der letzten Transaktion
Kontrollnummer 20260206092247.0
007 - Feld mit fester Länge zur physischen Beschreibung - Allgemeine Information
Kontrollfeld mit fester Länge tu
008 - Feld mit fester Länge zur physischen Beschreibung - Allgemeine Angaben
Kontrollfeld mit fester Länge 061031s1992 xx ||||| 00| ||ger c
035 ## - Systemkontrollnummer
Systemkontrollnummer (DE-627)1328455866
035 ## - Systemkontrollnummer
Systemkontrollnummer (DE-576)258455861
035 ## - Systemkontrollnummer
Systemkontrollnummer (DE-599)BSZ258455861
040 ## - Katalogisierungsquelle
Original-Katalogisierungsstelle DE-627
Katalogisierungssprache ger
Übertragungsstelle DE-627
Beschreibungsfestlegungen rakwb
041 ## - Sprachcode
Sprachcode des Textes/der Tonspur oder des separaten Titels ger
245 04 - Titel
Titel Die Weimarer Republik
Verfasserangabe etc. [Hrsg.: Bundeszentrale für politische Bildung. Leitender Red.: Horst Pötzsch]
250 ## - Ausgabebezeichnung
Ausgabebezeichnung Neudruck
300 ## - Physische Beschreibung
Umfang 48 S.
Andere physische Details zahlr. Ill., graph. Darst.
490 1# - Gesamttitelangabe
Gesamttitelangabe Informationen zur politischen Bildung
Bandnummer/Folgebezeichnung 109/110
951 ## - EQUIVALENCE OR CROSS-REFERENCE-GEOGRAPHIC NAME/AREA NAME [OBSOLETE] [CAN/MARC only]
Geografischer Name BO
700 1# - Nebeneintragung - Personenname
Personenname Pötzsch, Horst
Datumsangaben in Verbindung mit einem Namen 1927-2009
Funktionsbezeichnungscode oth
710 2# - Nebeneintragung - Körperschaftsname
Körperschafts- oder Gebietskörperschaftsname als Eintragungselement Bundeszentrale für Politische Bildung
Funktionsbezeichnungscode oth
830 #0 - Nebeneintragung unter dem Gesamttitel - Einheitstitel
Einheitstitel Informationen zur politischen Bildung
Bandnummer/Folgebezeichnung 109/110
9 (RLIN) 109/110,n
Datensatzkontrollnummer (DE-627)130093416
-- (DE-576)015626229
-- (DE-600)500774-4
942 ## - Zusätzliche Felder (Koha)
Klassifikation oder Aufstellungssystematik Andere/Generische Klassifikation
Koha-Medientyp Zeitschriften

Keine Exemplare verfügbar.